Politik pendidikan dan kebudajaan, Departemen Pendidikan Dasar dan Kebudajaan. (Record no. 85249)

MARC details
000 -LEADER
fixed length control field 00640cam a22002171 4500
001 - CONTROL NUMBER
control field sa 68013676
003 - CONTROL NUMBER IDENTIFIER
control field DLC
005 - DATE AND TIME OF LATEST TRANSACTION
control field 20260227112623.0
008 - FIXED-LENGTH DATA ELEMENTS--GENERAL INFORMATION
fixed length control field 931123s1963 io 000 0 ind
010 ## - LIBRARY OF CONGRESS CONTROL NUMBER
LC control number sa 68013676
025 ## - OVERSEAS ACQUISITION NUMBER
Overseas acquisition number PL480:Indo-7588
035 ## - SYSTEM CONTROL NUMBER
System control number (OCoLC)29378395
040 ## - CATALOGING SOURCE
Original cataloging agency DLC
Transcribing agency CU
Modifying agency DLC
042 ## - AUTHENTICATION CODE
Authentication code premarc
050 00 - LIBRARY OF CONGRESS CALL NUMBER
Classification number L597
Item number .C5 1963b
110 1# - MAIN ENTRY--CORPORATE NAME
Corporate name or jurisdiction name as entry element Indonesia.
Subordinate unit Departemen Pendidikan Dasar dan Kebudajaan.
245 10 - TITLE STATEMENT
Title Politik pendidikan dan kebudajaan, Departemen Pendidikan Dasar dan Kebudajaan.
260 ## - PUBLICATION, DISTRIBUTION, ETC.
Place of publication, distribution, etc. Djakarta,
Name of publisher, distributor, etc. Balai Pustaka
Date of publication, distribution, etc. [1963]
300 ## - PHYSICAL DESCRIPTION
Extent 10 p.
Dimensions 18 cm.
650 #0 - SUBJECT ADDED ENTRY--TOPICAL TERM
Topical term or geographic name entry element Education
Geographic subdivision Indonesia.

No items available.

Powered by Koha